000 00530nam a2200169Ia 4500
999 _c20332
_d20332
003 OSt
005 20200623143358.0
008 190216s9999||||xx |||||||||||||| ||und||
040 _coclc
082 _a954
_bHAB/C
100 _aHabib, Mohammad
_93095
245 0 _aA Comprehensive History Of India Vol 5 :
_bThe Delhi Sultnat /
_c Mohammad Habib ; Khaliq Ahmad Nizami
260 _bPeoples Pub.House,
_c1992,
_aNew Delhi:
300 _a710p
650 _aHistory
942 _cBK
_2ddc
_h954
_iHAB/C
_k954
_mHAB/C